| 000 | 01036nam a2200265Ia 4500 | ||
|---|---|---|---|
| 001 | ebr10315809 | ||
| 003 | CaPaEBR | ||
| 006 | m u | ||
| 007 | cr cn||||||||| | ||
| 008 | 030106s2008 txu s 000 1 eng d | ||
| 020 | _z9781590958421 | ||
| 040 |
_aCaPaEBR _cCaPaEBR |
||
| 035 | _a(OCoLC)503446498 | ||
| 050 | 1 | 4 |
_aPS3623.W55 _bC45 2008eb |
| 100 | 1 | _aWills, John M. | |
| 245 | 1 | 0 |
_aChicago warriors _h[electronic resource] : _bmidnight battles in the windy city / _cJohn M. Wills. |
| 260 |
_aFriendswood, TX : _bTotalRecall Publications, Inc., _cc2008. |
||
| 300 | _a342 p. | ||
| 533 |
_aElectronic reproduction. _bPalo Alto, Calif. : _cebrary, _d2009. _nAvailable via World Wide Web. _nAccess may be limited to ebrary affiliated libraries. |
||
| 650 | 0 | _aAmerican fiction. | |
| 650 | 0 |
_aLaw enforcement _vFiction. |
|
| 655 | 7 |
_aElectronic books. _2local |
|
| 710 | 2 | _aebrary, Inc. | |
| 856 | 4 | 0 |
_uhttp://site.ebrary.com/lib/rucke/Doc?id=10315809 _zAn electronic book accessible through the World Wide Web; click to view |
| 999 |
_c167797 _d167797 |
||